000 00290nam a2200121Ia 4500
008 190216s9999||||xx |||||||||||||| ||und||
100 _aJagadish Chandra Choudari
245 0 _aHindi-Hamare Prerana Sodh
260 _bNavasakshar Samsthan
300 _a128
650 _aHindi
942 _cBK
999 _c16359
_d16359